000 00313nam a22001337a 4500
008 170930b xxu||||| |||| 00| 0 eng d
020 _a9781428291935
041 _aeng
080 _a37
100 _a47
101 _aEDU
245 _aKIRSZNER & MANDELL THE WADSWORTH HANDBOOK
_cKIRSZNER, L.G
942 _2udc
_cBK
999 _c31003
_d31003